|
|
|
|
| LEADER |
00000nab a2200000 r4500 |
| 001 |
vtls011826760 |
| 003 |
SK-MaSNL |
| 005 |
20260305032058.0 |
| 008 |
181130c2018 xo mr|p|||||||000 b|slo |
| 015 |
|
|
|a SNBRB2018/09
|
| 038 |
|
|
|a PPPK
|
| 040 |
|
|
|a PPPKCL
|b slo
|e rda
|
| 041 |
0 |
|
|a slo
|
| 043 |
|
|
|a e-xo---
|
| 044 |
|
|
|a xo
|c SK
|
| 072 |
|
7 |
|a 796
|x Šport. Hry. Telesné cvičenia
|2 konspekt
|
| 080 |
|
|
|a 796.5
|x (234.372.4)
|2 2011
|
| 245 |
0 |
0 |
|a Beliansky turistický pochod
|
| 336 |
|
|
|a text
|b txt
|2 rdacontent
|
| 337 |
|
|
|a bez média
|b n
|2 rdamedia
|
| 338 |
|
|
|a zväzok
|b nc
|2 rdacarrier
|
| 500 |
|
|
|a Autor článku nie je uvedený.
|
| 611 |
2 |
7 |
|a Beliansky turistický pochod
|d (2018 :
|c Belianske Tatry, Slovensko;
|c Tatranská Kotlina, Slovensko)
|2 pppkcl
|9 1610959
|
| 648 |
|
7 |
|a 13.10.2018
|2 pppkcl
|9 1091317
|
| 650 |
0 |
7 |
|a šport
|2 pppkcl
|9 1042
|
| 650 |
0 |
7 |
|a turistika
|2 pppkcl
|9 683
|
| 650 |
0 |
7 |
|a turistické pochody
|2 pppkcl
|9 1035203
|
| 651 |
|
7 |
|a Belianske Tatry (Slovensko : pohorie)
|2 pppkcl
|9 177592
|
| 651 |
|
7 |
|a Tatranská Kotlina (Vysoké Tatry, Slovensko)
|2 pppkcl
|9 160912
|
| 651 |
|
7 |
|a Spišská Belá (Slovensko)
|2 pppkcl
|9 16198
|
| 651 |
|
7 |
|a Kežmarok (Slovensko : okres)
|2 pppkcl
|9 51824
|
| 773 |
0 |
|
|t Spišskobeliansky spravodaj
|g Roč. 16, č. 10 (2018), s. 14
|x 1339-1534
|
| 852 |
|
|
|a PPPK
|b KIS3GCP
|
| 999 |
|
|
|c 3318639
|d 3320569
|